טוען...

Naadakaroopa Charcha

מידע ביבליוגרפי
מחבר ראשי: Kattumadam Narayanan
פורמט: Printed Book
יצא לאור: Kozhikode Mathrubhumi 2008
LEADER 00372nam a22001097a 4500
082 |a 894.812209  |b KAT.N 
100 |a Kattumadam Narayanan 
245 |a Naadakaroopa Charcha 
260 |a Kozhikode  |b Mathrubhumi  |c 2008 
942 |c BK 
999 |c 22853  |d 22853 
952 |0 0  |1 0  |4 0  |6 894_812209000000000_KAT_N  |7 0  |9 25508  |a CAMPUS  |b CAMPUS  |d 2018-05-16  |l 0  |o 894.812209 KAT.N  |p 26209  |r 2018-05-16  |w 2018-05-16  |y BK